[Event "SDS Naestved Open"]
[Site "Naestved"]
[Date "1988.07.??"]
[Round "?"]
[White "Akesson, Ralf"]
[Black "Fries Nielsen, Jens Ove"]
[Result "1-0"]
[WhiteElo "2430"]
[BlackElo "2385"]
[PlyCount "49"]
[EventDate "1988.07.23"]
[EventType "swiss"]
[EventRounds "9"]
[EventCountry "DEN"]
[SourceTitle "Gl Danbase og ChessBase"]

1. Nf3 b6 2. d4 Bb7 3. g3 e6 4. Bg2 Nf6 5. c4 Bb4+ 6. Bd2 c5 7. d5 O-O 8. Nh4 b5 9. b3 bxc4 10. bxc4 exd5 11. Bxb4 cxb4 12. cxd5 Qa5 13. Nf5 Qc5 14. Nd2 Qc3 15. O-O Qe5 16. e4 Ba6 17. Re1 Ne8 18. Rc1 d6 19. Qa4 g6 20. Nf3 Qf6 21. N5d4 Qe7 22. Qxb4 Nd7 23. e5 Nb6 24. Nc6 Qc7 25. Ng5 1-0

[Event "SDS Naestved Open"]
[Site "Naestved"]
[Date "1988.07.??"]
[Round "?"]
[White "Akesson, Ralf"]
[Black "Oppitz, Peter"]
[Result "1-0"]
[WhiteElo "2430"]
[BlackElo "2280"]
[PlyCount "63"]
[EventDate "1988.07.23"]
[EventType "swiss"]
[EventRounds "9"]
[EventCountry "DEN"]
[SourceTitle "Gl Danbase og ChessBase"]

1. Nf3 d5 2. d4 c5 3. c4 e6 4. cxd5 exd5 5. g3 Nc6 6. Bg2 Nf6 7. O-O Be7 8. Nc3 O-O 9. Bg5 cxd4 10. Nxd4 h6 11. Be3 Re8 12. Qb3 Na5 13. Qc2 Bg4 14. h3 Bh5 15. Rad1 Rc8 16. Nf5 Bb4 17. g4 Bg6 18. Bd4 Ne4 19. Qa4 Bxc3 20. Bxc3 Nxc3 21. bxc3 Re5 22. Bxd5 Qc7 23. Nh4 Kh7 24. Nxg6 fxg6 25. Qc2 Qxc3 26. Bg8+ Kh8 27. Qxc3 Rxc3 28. Bf7 Nc6 29. Bxg6 Rxe2 30. Rfe1 Nd4 31. Rxe2 Nxe2+ 32. Kf1 1-0

[Event "SDS Naestved Open"]
[Site "Naestved"]
[Date "1988.07.??"]
[Round "?"]
[White "Alingh Prins, Jeroen Willem"]
[Black "Bener, Anna"]
[Result "1/2-1/2"]
[WhiteElo "1985"]
[BlackElo "2090"]
[PlyCount "116"]
[EventDate "1988.07.23"]
[EventType "swiss"]
[EventRounds "9"]
[EventCountry "DEN"]
[SourceTitle "Gl Danbase og ChessBase"]

1. c4 Nf6 2. g3 g6 3. Bg2 Bg7 4. Nc3 O-O 5. Nf3 c6 6. O-O d5 7. cxd5 cxd5 8. d4 Nc6 9. Ne5 Qb6 10. Nxc6 bxc6 11. Na4 Qb4 12. a3 Qc4 13. b3 Qb5 14. Bg5 Re8 15. Bxf6 Bxf6 16. Rc1 Bg4 17. Re1 e5 18. h3 Bf5 19. dxe5 Bxe5 20. e4 dxe4 21. Bxe4 Bxe4 22. Rxe4 Rad8 23. Qc2 Bg7 24. Rce1 Rxe4 25. Rxe4 Bf8 26. Rc4 Qh5 27. Kg2 Qd5+ 28. Kh2 h5 29. Nc3 Qf3 30. Rf4 Qd3 31. Qxd3 Rxd3 32. Rc4 Bg7 33. Ne4 Rxb3 34. Rxc6 Rxa3 35. Rc8+ Bf8 36. Rc7 Ra6 37. Kg2 Re6 38. Ng5 Re7 39. Rc8 f6 40. Nf3 Rd7 41. Nh4 Rg7 42. Ra8 g5 43. Nf5 Rd7 44. Kf3 Kf7 45. Ke4 Bc5 46. f4 Rd1 47. fxg5 Re1+ 48. Kf4 Rf1+ 49. Ke4 Re1+ 50. Kf4 Rf1+ 51. Ke4 fxg5 52. h4 gxh4 53. gxh4 Kf6 54. Ng3 Re1+ 55. Kf3 Kg6 56. Rg8+ Kf7 57. Rg5 Bb6 58. Rxh5 Re6 1/2-1/2

[Event "SDS Naestved Open"]
[Site "Naestved"]
[Date "1988.07.??"]
[Round "?"]
[White "Alingh Prins, Jeroen Willem"]
[Black "Gstrein, Michael"]
[Result "1-0"]
[WhiteElo "1985"]
[BlackElo "2040"]
[PlyCount "33"]
[EventDate "1988.07.23"]
[EventType "swiss"]
[EventRounds "9"]
[EventCountry "DEN"]
[SourceTitle "Gl Danbase og ChessBase"]

1. c4 Nf6 2. Nc3 e6 3. e4 d5 4. e5 Nfd7 5. d4 dxc4 6. Bxc4 Nb6 7. Bb3 c5 8. dxc5 Qxd1+ 9. Bxd1 Bxc5 10. Nf3 Nc6 11. O-O Nc4 12. Na4 Be7 13. Bf4 b5 14. Be2 N4xe5 15. Nxe5 Nxe5 16. Bxe5 bxa4 17. Bf3 1-0

[Event "SDS Naestved Open"]
[Site "Naestved"]
[Date "1988.07.??"]
[Round "?"]
[White "Armas, Jules"]
[Black "Tyrtania, Maximilian"]
[Result "1-0"]
[WhiteElo "2460"]
[BlackElo "2300"]
[PlyCount "110"]
[EventDate "1988.07.23"]
[EventType "swiss"]
[EventRounds "9"]
[EventCountry "DEN"]
[SourceTitle "Gl Danbase og ChessBase"]

1. e4 d6 2. d4 Nf6 3. Nc3 g6 4. Nf3 Bg7 5. Be2 O-O 6. O-O c5 7. Bg5 cxd4 8. Nxd4 Nc6 9. Nb3 Be6 10. f4 Rc8 11. f5 Bd7 12. Qd2 Ne5 13. Bh6 b5 14. Bxg7 Kxg7 15. a3 a5 16. Qd4 b4 17. axb4 Nc6 18. Qe3 axb4 19. Nd5 Nxd5 20. exd5 Ne5 21. Nd4 Rc5 22. Qe4 Qb6 23. Ra6 Qb7 24. f6+ exf6 25. Rxd6 Re8 26. Nb3 Rcc8 27. Ba6 Qa7+ 28. Qd4 Qxd4+ 29. Nxd4 Rc5 30. h3 Bc8 31. Bb5 Re7 32. Rfxf6 Bb7 33. Bf1 Rxd5 34. Rxd5 Bxd5 35. Rb6 Rb7 36. Rxb7 Bxb7 37. Kf2 Kf6 38. Ke3 Ke7 39. Nb5 Kd7 40. Kd4 Nc6+ 41. Kc5 Ne7 42. Kxb4 Nd5+ 43. Kc5 Ne3 44. Nd6 Ba8 45. Bb5+ Ke7 46. c4 Bxg2 47. b4 Nc2 48. Nc8+ Kd8 49. Na7 f5 50. Bc6 Bxc6 51. Nxc6+ Kc7 52. b5 g5 53. b6+ Kb7 54. Na5+ Ka6 55. b7 Ka7 1-0

[Event "SDS Naestved Open"]
[Site "Naestved"]
[Date "1988.07.??"]
[Round "?"]
[White "Balzar, Andreas"]
[Black "Riemersma, Liafbern"]
[Result "1/2-1/2"]
[WhiteElo "2260"]
[BlackElo "2380"]
[PlyCount "55"]
[EventDate "1988.07.23"]
[EventType "swiss"]
[EventRounds "9"]
[EventCountry "DEN"]
[SourceTitle "Gl Danbase og ChessBase"]

1. e4 c5 2. Nf3 Nc6 3. d4 cxd4 4. Nxd4 Nf6 5. Nc3 e5 6. Ndb5 d6 7. Bg5 a6 8. Na3 b5 9. Bxf6 gxf6 10. Nd5 Bg7 11. c3 O-O 12. Nc2 f5 13. exf5 Bxf5 14. Nce3 Bg6 15. h4 h6 16. g4 Be4 17. f3 Bxd5 18. Nxd5 e4 19. fxe4 b4 20. cxb4 Ne7 21. Bc4 Nxd5 22. Bxd5 Bxb2 23. Rb1 Bc3+ 24. Kf1 Qf6+ 25. Kg2 Rab8 26. g5 hxg5 27. Qh5 Bd2 28. hxg5 1/2-1/2

[Event "SDS Naestved Open"]
[Site "Naestved"]
[Date "1988.07.??"]
[Round "?"]
[White "Balzar, Andreas"]
[Black "Sydor, Andrzej"]
[Result "1-0"]
[WhiteElo "2260"]
[BlackElo "2335"]
[PlyCount "23"]
[EventDate "1988.07.23"]
[EventType "swiss"]
[EventRounds "9"]
[EventCountry "DEN"]
[SourceTitle "Gl Danbase og ChessBase"]

1. e4 e5 2. Nf3 Nc6 3. Bc4 Nf6 4. d4 exd4 5. O-O Nxe4 6. Re1 d5 7. Nc3 dxc3 8. Bxd5 Ne7 9. Bxf7+ Kxf7 10. Qxd8 Nf6 11. Rxe7+ Bxe7 12. Ng5+ 1-0

[Event "SDS Naestved Open"]
[Site "Naestved"]
[Date "1988.07.??"]
[Round "?"]
[White "Bang, Andreas"]
[Black "Stempin, Pawel"]
[Result "1/2-1/2"]
[WhiteElo "2280"]
[BlackElo "2435"]
[PlyCount "59"]
[EventDate "1988.07.23"]
[EventType "swiss"]
[EventRounds "9"]
[EventCountry "DEN"]
[SourceTitle "Gl Danbase og ChessBase"]

1. Nf3 c5 2. c4 Nf6 3. d4 e6 4. Nc3 cxd4 5. Nxd4 Bb4 6. Ndb5 O-O 7. a3 Bxc3+ 8. Nxc3 d5 9. cxd5 exd5 10. Bg5 h6 11. Bxf6 Qxf6 12. e3 Nc6 13. Be2 d4 14. exd4 Nxd4 15. O-O Rd8 16. Bc4 Qc6 17. Ba2 Bh3 18. Bxf7+ Kf8 19. Bd5 Rxd5 20. Nxd5 Qxd5 21. gxh3 Nf3+ 22. Kh1 Qe4 23. Qd6+ Kg8 24. Qg3 Rf8 25. Qg2 Qe2 26. Rac1 Rf6 27. Rc3 Rg6 28. Rxf3 Rxg2 29. Kxg2 Qxb2 30. Rd1 1/2-1/2

[Event "SDS Naestved Open"]
[Site "Naestved"]
[Date "1988.07.??"]
[Round "?"]
[White "Friis, Carsten Bank"]
[Black "Schmidt, Wlodzimierz"]
[Result "1/2-1/2"]
[WhiteElo "2310"]
[BlackElo "2465"]
[PlyCount "58"]
[EventDate "1988.07.23"]
[EventType "swiss"]
[EventRounds "9"]
[EventCountry "DEN"]
[SourceTitle "Gl Danbase og ChessBase"]

1. e4 c5 2. b3 d6 3. Bb2 e6 4. Nf3 Nf6 5. Bb5+ Bd7 6. Bxd7+ Nbxd7 7. d3 Be7 8. O-O O-O 9. Nbd2 b5 10. d4 d5 11. exd5 Nxd5 12. c4 bxc4 13. Nxc4 Qc7 14. Rc1 Rfc8 15. Nce5 Nxe5 16. Nxe5 Bd6 17. Nd3 Bxh2+ 18. Kh1 Bf4 19. Rxc5 Qe7 20. Nxf4 Nxf4 21. Qf3 Nd5 22. Rfc1 Rd8 23. Kg1 h6 24. Re1 Qb7 25. g3 a5 26. Bc3 a4 27. b4 a3 28. Rb1 Rd7 29. Bd2 Ra4 1/2-1/2

[Event "SDS Naestved Open"]
[Site "Naestved"]
[Date "1988.07.??"]
[Round "?"]
[White "Berg, Klaus"]
[Black "Balzar, Andreas"]
[Result "1/2-1/2"]
[WhiteElo "2385"]
[BlackElo "2260"]
[PlyCount "122"]
[EventDate "1988.07.23"]
[EventType "swiss"]
[EventRounds "9"]
[EventCountry "DEN"]
[SourceTitle "Gl Danbase og ChessBase"]

1. d4 d5 2. c4 e6 3. Nc3 Nf6 4. Bg5 c6 5. e3 Nbd7 6. cxd5 exd5 7. Bd3 Bd6 8. Nge2 Nf8 9. f3 Ne6 10. Bh4 O-O 11. Qc2 g6 12. O-O Be7 13. Rad1 Ng7 14. Kh1 Be6 15. Bf2 Bd6 16. Bg1 Rc8 17. e4 Nd7 18. e5 Be7 19. f4 f5 20. a3 b6 21. b4 b5 22. Nc1 Nb6 23. Nb3 Nc4 24. Bxc4 dxc4 25. Nc5 Bd5 26. a4 a5 27. Rb1 Rb8 28. axb5 cxb5 29. bxa5 b4 30. Nxd5 Qxd5 31. Qa4 Ne6 32. Nd7 Ra8 33. Nb6 Qxa5 34. Qxa5 Rxa5 35. Nxc4 Rb5 36. g3 Rd8 37. Rfd1 Nc7 38. Ne3 Nd5 39. Nxd5 Rdxd5 40. Kg2 Kf7 41. Rdc1 Rb7 42. Kf3 Ra5 43. Rc6 Rbb5 44. Ke2 Ra3 45. Be3 b3 46. Bd2 b2 47. Bc3 Rbb3 48. d5 Rxc3 49. Rxc3 Rxc3 50. Rxb2 Rc7 51. d6 Bxd6 52. exd6 Rd7 53. Rb6 Ke6 54. Kd3 Rxd6+ 55. Rxd6+ Kxd6 56. Kd4 h6 57. Kc4 Kc6 58. h3 g5 59. fxg5 hxg5 60. g4 f4 61. Kd4 Kd6 1/2-1/2

[Event "SDS Naestved Open"]
[Site "Naestved"]
[Date "1988.07.??"]
[Round "?"]
[White "Berg, Klaus"]
[Black "Sorensen, Henrik"]
[Result "0-1"]
[WhiteElo "2385"]
[BlackElo "2265"]
[PlyCount "126"]
[EventDate "1988.07.23"]
[EventType "swiss"]
[EventRounds "9"]
[EventCountry "DEN"]
[SourceTitle "Gl Danbase og ChessBase"]

1. e4 c6 2. d4 d5 3. exd5 cxd5 4. c4 Nf6 5. Nc3 e6 6. Nf3 Bb4 7. Bd3 dxc4 8. Bxc4 O-O 9. O-O a6 10. Bg5 b5 11. Bd3 Be7 12. Rc1 Bb7 13. Re1 Nbd7 14. Bb1 Re8 15. Qd3 Nf8 16. Ne5 Qb6 17. Bxf6 Bxf6 18. Ne4 Bxe4 19. Qxe4 Rad8 20. Red1 Rd5 21. Nc6 g6 22. b4 Kg7 23. Rc5 Rd6 24. h4 Nd7 25. h5 Nxc5 26. h6+ Kf8 27. bxc5 Qxc6 28. cxd6 Qxe4 29. Bxe4 Rd8 30. d5 Rxd6 31. Bf3 exd5 32. Rxd5 Rxd5 33. Bxd5 Bg5 34. Kf1 Bxh6 35. Ke2 f5 36. f3 Bg7 37. g4 Ke7 38. Ke3 Kf6 39. Kf4 Bh6+ 40. Kg3 Bd2 41. f4 h6 42. Kf3 g5 43. fxg5+ hxg5 44. gxf5 Kxf5 45. Bb7 a5 46. Ke2 Bc1 47. Kd3 Kf4 48. Bc6 b4 49. Ke2 Kg3 50. Bd7 g4 51. Kd1 Bb2 52. Ke2 Bd4 53. Kd3 Bb6 54. Ke2 Kf4 55. Bc6 g3 56. Kd3 Bd8 57. Ke2 Be7 58. Kd3 a4 59. Bd5 Ke5 60. Bg2 b3 61. axb3 a3 62. Kc3 Bb4+ 63. Kc2 Kd4 0-1

[Event "SDS Naestved Open"]
[Site "Naestved"]
[Date "1988.07.??"]
[Round "?"]
[White "Brinck Claussen, Bjorn"]
[Black "Hansen, Lars Bo"]
[Result "1/2-1/2"]
[WhiteElo "2375"]
[BlackElo "2455"]
[PlyCount "43"]
[EventDate "1988.07.23"]
[EventType "swiss"]
[EventRounds "9"]
[EventCountry "DEN"]
[SourceTitle "Gl Danbase og ChessBase"]

1. e4 c6 2. d4 d5 3. Nc3 dxe4 4. Nxe4 Nf6 5. Nxf6+ exf6 6. Bc4 Qe7+ 7. Qe2 Be6 8. Bb3 a5 9. Nf3 a4 10. Bxe6 Qxe6 11. Be3 Bd6 12. O-O O-O 13. Qd3 Na6 14. Bd2 Rfd8 15. Rfe1 Qd7 16. b3 Nc7 17. Qe4 Ne6 18. c4 Bc7 19. Be3 Re8 20. Qc2 g6 21. Rad1 Ba5 22. Rf1 1/2-1/2

[Event "SDS Naestved Open"]
[Site "Naestved"]
[Date "1988.07.??"]
[Round "?"]
[White "Bronnum, Jan"]
[Black "Zsinka, Laszlo"]
[Result "1/2-1/2"]
[WhiteElo "2130"]
[BlackElo "2420"]
[PlyCount "47"]
[EventDate "1988.07.23"]
[EventType "swiss"]
[EventRounds "9"]
[EventCountry "DEN"]
[SourceTitle "Gl Danbase og ChessBase"]

1. d4 Nf6 2. Nf3 e6 3. e3 b6 4. Bd3 Bb7 5. Nbd2 c5 6. O-O Be7 7. b3 cxd4 8. exd4 O-O 9. Bb2 d6 10. c4 Nbd7 11. Qe2 Re8 12. Rac1 Rc8 13. Rfd1 Rc7 14. Ng5 Nf8 15. Nge4 N8d7 16. Ba3 Nxe4 17. Bxe4 Bxe4 18. Nxe4 Nf6 19. Nxf6+ Bxf6 20. c5 dxc5 21. dxc5 Qa8 22. cxb6 Rxc1 23. Bxc1 axb6 24. Be3 1/2-1/2

[Event "SDS Naestved Open"]
[Site "Naestved"]
[Date "1988.07.??"]
[Round "?"]
[White "Brynell, Stellan"]
[Black "Schmidt, Wlodzimierz"]
[Result "1/2-1/2"]
[WhiteElo "2385"]
[BlackElo "2465"]
[PlyCount "58"]
[EventDate "1988.07.23"]
[EventType "swiss"]
[EventRounds "9"]
[EventCountry "DEN"]
[SourceTitle "Gl Danbase og ChessBase"]

1. e4 e6 2. d4 d5 3. Nd2 c5 4. exd5 exd5 5. Bb5+ Nc6 6. Qe2+ Be7 7. dxc5 Nf6 8. Nb3 O-O 9. Be3 Re8 10. Nf3 a6 11. Bd3 d4 12. Nfxd4 Nxd4 13. Nxd4 Bxc5 14. c3 Ng4 15. O-O Qh4 16. h3 Nxe3 17. fxe3 Bxh3 18. gxh3 Bxd4 19. cxd4 Qg3+ 20. Kh1 Rxe3 21. Bxh7+ Kh8 22. Qh5 Qxh3+ 23. Qxh3 Rxh3+ 24. Kg2 Rxh7 25. Rxf7 Rd8 26. Rxb7 Rh4 27. Rd1 Rdxd4 28. Rxd4 Rxd4 29. Kf3 Kh7 1/2-1/2

[Event "SDS Naestved Open"]
[Site "Naestved"]
[Date "1988.07.??"]
[Round "?"]
[White "Busch, Klaus"]
[Black "Olesen, Martin"]
[Result "1/2-1/2"]
[WhiteElo "2340"]
[BlackElo "2225"]
[PlyCount "72"]
[EventDate "1988.07.23"]
[EventType "swiss"]
[EventRounds "9"]
[EventCountry "DEN"]
[SourceTitle "Gl Danbase og ChessBase"]

1. Nf3 Nf6 2. c4 c5 3. Nc3 b6 4. g3 Bb7 5. Bg2 e6 6. O-O Be7 7. d4 cxd4 8. Qxd4 d6 9. Rd1 a6 10. Ng5 Bxg2 11. Kxg2 Nc6 12. Qf4 Qc7 13. b3 O-O 14. Ba3 Rad8 15. Rac1 Qb8 16. Nce4 Nxe4 17. Nxe4 Ne5 18. Bxd6 Bxd6 19. Nxd6 Ng6 20. Qd2 a5 21. a3 Ne7 22. b4 Nd5 23. c5 axb4 24. axb4 bxc5 25. bxc5 Ne7 26. Qf4 Qc7 27. Qe4 Rb8 28. Rc2 Nd5 29. Rc4 Qc6 30. Rdc1 h6 31. Kg1 Rb2 32. R4c2 Rb4 33. Qf3 f5 34. Qh5 Rg4 35. Qh3 Rf6 36. Rc4 Rfg6 1/2-1/2

[Event "SDS Naestved Open"]
[Site "Naestved"]
[Date "1988.07.??"]
[Round "?"]
[White "Callergard, Robert"]
[Black "Olesen, Martin"]
[Result "1/2-1/2"]
[WhiteElo "2330"]
[BlackElo "2225"]
[PlyCount "68"]
[EventDate "1988.07.23"]
[EventType "swiss"]
[EventRounds "9"]
[EventCountry "DEN"]
[SourceTitle "Gl Danbase og ChessBase"]

1. d4 Nf6 2. Nf3 e6 3. c4 b6 4. g3 Ba6 5. b3 Bb4+ 6. Bd2 Be7 7. Nc3 c6 8. e4 d5 9. cxd5 Bxf1 10. Kxf1 cxd5 11. e5 Ne4 12. Qe2 Nxc3 13. Bxc3 Qc8 14. Qb5+ Qc6 15. Qd3 O-O 16. h4 Qb7 17. h5 h6 18. Bd2 Qa6 19. Ke2 Qxd3+ 20. Kxd3 Nc6 21. Rhc1 Rfc8 22. a4 Na5 23. Rxc8+ Rxc8 24. Rb1 Kf8 25. Ng1 Ke8 26. f4 Kd7 27. Ne2 Rg8 28. f5 Nc6 29. g4 Nb4+ 30. Bxb4 Bxb4 31. Rf1 Ke7 32. fxe6 fxe6 33. Nf4 Rc8 34. Ne2 Rf8 1/2-1/2

[Event "SDS Naestved Open"]
[Site "Naestved"]
[Date "1988.07.??"]
[Round "?"]
[White "Dobosz, Henryk"]
[Black "Mortensen, Peter Munch"]
[Result "1-0"]
[WhiteElo "2410"]
[BlackElo "2270"]
[PlyCount "55"]
[EventDate "1988.07.23"]
[EventType "swiss"]
[EventRounds "9"]
[EventCountry "DEN"]
[SourceTitle "Gl Danbase og ChessBase"]

1. d4 Nf6 2. c4 c5 3. d5 g6 4. Nc3 d6 5. e4 Bg7 6. h3 O-O 7. Bg5 a6 8. a4 e6 9. Bd3 exd5 10. exd5 Re8+ 11. Kf1 Nbd7 12. Nf3 Ne5 13. Nxe5 Rxe5 14. Qd2 Qf8 15. g4 Bd7 16. Kg2 b6 17. Rhf1 h5 18. f4 Ree8 19. f5 hxg4 20. fxg6 gxh3+ 21. Kh1 fxg6 22. Bxg6 Re5 23. Bxf6 Bxf6 24. Ne4 Rxe4 25. Bxe4 Re8 26. Rae1 Re7 27. Qf4 Kg7 28. Qg3+ 1-0

[Event "SDS Naestved Open"]
[Site "Naestved"]
[Date "1988.07.??"]
[Round "?"]
[White "Fries Nielsen, Jens Ove"]
[Black "Ernst, Thomas"]
[Result "1/2-1/2"]
[WhiteElo "2385"]
[BlackElo "2450"]
[PlyCount "53"]
[EventDate "1988.07.23"]
[EventType "swiss"]
[EventRounds "9"]
[EventCountry "DEN"]
[SourceTitle "Gl Danbase og ChessBase"]

1. g3 c5 2. Bg2 Nc6 3. d3 g6 4. c3 Bg7 5. Bg5 h6 6. Be3 d6 7. Nf3 Nf6 8. Qc1 h5 9. Bg5 d5 10. O-O O-O 11. Bh6 e5 12. Bxg7 Kxg7 13. Na3 b6 14. b4 cxb4 15. cxb4 Qd6 16. Nb5 Qd7 17. Qb2 Bb7 18. Na3 e4 19. b5 exf3 20. bxc6 Bxc6 21. Bxf3 Rfe8 22. Rac1 Rac8 23. Nc2 Qd6 24. Nb4 Bb7 25. Rxc8 Rxc8 26. h4 Qc5 27. d4 1/2-1/2

[Event "SDS Naestved Open"]
[Site "Naestved"]
[Date "1988.07.??"]
[Round "?"]
[White "Gallus, Gerald"]
[Black "Hoiberg, Nina"]
[Result "1/2-1/2"]
[WhiteElo "2220"]
[BlackElo "2235"]
[PlyCount "107"]
[EventDate "1988.07.23"]
[EventType "swiss"]
[EventRounds "9"]
[EventCountry "DEN"]
[SourceTitle "Gl Danbase og ChessBase"]

1. g3 g6 2. Bg2 Bg7 3. d4 Nf6 4. e4 d6 5. Ne2 O-O 6. h3 Nbd7 7. Be3 e5 8. Nbc3 Re8 9. O-O c6 10. g4 Nf8 11. Ng3 Ne6 12. dxe5 dxe5 13. Qxd8 Rxd8 14. Rfd1 Nd4 15. Rd2 h5 16. gxh5 Nxh5 17. Nxh5 gxh5 18. Rad1 f5 19. f4 fxe4 20. fxe5 Nf3+ 21. Bxf3 Rxd2 22. Rxd2 exf3 23. Rd8+ Kf7 24. Bf4 Ke7 25. Bg5+ Ke6 26. Bf6 Bxf6 27. exf6 Kxf6 28. Ne4+ Ke7 29. Rh8 b6 30. Kf2 Ke6 31. Kxf3 Bb7 32. Rh6+ Kd5 33. Rxh5+ Kd4 34. Nd6 Rf8+ 35. Rf5 c5+ 36. Kf4 Rxf5+ 37. Nxf5+ Kd5 38. Kg5 Ke5 39. h4 Be4 40. Ne3 b5 41. h5 a5 42. h6 a4 43. c3 b4 44. c4 Bh7 45. Nd5 Kd4 46. Kf6 Kxc4 47. Kg7 Kxd5 48. Kxh7 c4 49. Kg6 a3 50. bxa3 b3 51. axb3 cxb3 52. h7 b2 53. h8=Q b1=Q+ 54. Kf7 1/2-1/2

[Event "SDS Naestved Open"]
[Site "Naestved"]
[Date "1988.07.??"]
[Round "?"]
[White "Geisler, Robert"]
[Black "Brinck Claussen, Bjorn"]
[Result "1/2-1/2"]
[WhiteElo "2245"]
[BlackElo "2375"]
[PlyCount "108"]
[EventDate "1988.07.23"]
[EventType "swiss"]
[EventRounds "9"]
[EventCountry "DEN"]
[SourceTitle "Gl Danbase og ChessBase"]

1. d4 Nf6 2. c4 g6 3. Nc3 d5 4. Nf3 Bg7 5. cxd5 Nxd5 6. Qb3 Nxc3 7. bxc3 O-O 8. e3 c5 9. Ba3 cxd4 10. Nxd4 Nc6 11. Be2 Qa5 12. O-O Nxd4 13. cxd4 Be6 14. Qb4 Qxb4 15. Bxb4 Bf6 16. a4 Rac8 17. Rfc1 Rxc1+ 18. Rxc1 Rc8 19. Rxc8+ Bxc8 20. a5 e6 21. Bc5 Bd8 22. Bxa7 Bxa5 23. Bb5 Bc7 24. Bc5 b6 25. Be7 f5 26. f3 Bb7 27. Kf2 Kf7 28. Bg5 Bd5 29. h3 Kg7 30. g4 h6 31. Be7 Kf7 32. Bb4 e5 33. dxe5 Bxe5 34. gxf5 gxf5 35. Bd7 Be6 36. Bb5 h5 37. f4 Bf6 38. Bc6 Be7 39. Bc3 Bc5 40. Kf3 Bc4 41. e4 fxe4+ 42. Bxe4 b5 43. Kg3 b4 44. Bb2 Be7 45. Bf3 h4+ 46. Kg4 Bd3 47. f5 Bf6 48. Bd5+ Kg7 49. Bxf6+ Kxf6 50. Kxh4 Bxf5 51. Kg3 Be6 52. Be4 b3 53. Kf4 Bxh3 54. Ke3 Ke5 1/2-1/2

[Event "SDS Naestved Open"]
[Site "Naestved"]
[Date "1988.07.??"]
[Round "?"]
[White "Halasz, Tamas"]
[Black "Jost, Christoph"]
[Result "1-0"]
[WhiteElo "2405"]
[BlackElo "2265"]
[PlyCount "71"]
[EventDate "1988.07.23"]
[EventType "swiss"]
[EventRounds "9"]
[EventCountry "DEN"]
[SourceTitle "Gl Danbase og ChessBase"]

1. d4 Nf6 2. Nf3 c5 3. d5 b5 4. Bg5 g6 5. Nbd2 Bg7 6. e4 O-O 7. Bxf6 Bxf6 8. e5 Bg7 9. Bxb5 Qb6 10. Qe2 d6 11. exd6 exd6 12. Rb1 Bf5 13. Bd3 Bxd3 14. Qxd3 Re8+ 15. Kf1 Qa6 16. Qxa6 Nxa6 17. c3 Rab8 18. g3 Nc7 19. Kg2 Nxd5 20. Nc4 Re2 21. Rhd1 Nb6 22. Nxd6 Na4 23. Nc4 Re7 24. Nfd2 Reb7 25. Nb3 Bxc3 26. bxc3 Nxc3 27. Ra1 Nxd1 28. Rxd1 Rb4 29. Rc1 Rd8 30. Nca5 Ra4 31. Rc2 Rd1 32. Nc4 Ra6 33. Nxc5 Rc6 34. Na5 Rc8 35. Nab3 Kg7 36. Ne6+ 1-0

[Event "SDS Naestved Open"]
[Site "Naestved"]
[Date "1988.07.??"]
[Round "?"]
[White "Halasz, Tamas"]
[Black "Ziegler, Ari"]
[Result "1/2-1/2"]
[WhiteElo "2405"]
[BlackElo "2260"]
[PlyCount "122"]
[EventDate "1988.07.23"]
[EventType "swiss"]
[EventRounds "9"]
[EventCountry "DEN"]
[SourceTitle "Gl Danbase og ChessBase"]

1. d4 Nf6 2. c4 e6 3. Nf3 b6 4. g3 Bb7 5. Bg2 Be7 6. Nc3 Ne4 7. Bd2 f5 8. d5 Bf6 9. Qc2 Bxc3 10. Bxc3 O-O 11. Rd1 Qe7 12. O-O Na6 13. Nd4 Nxc3 14. d6 cxd6 15. Bxb7 Nxd1 16. Bxa6 Nxf2 17. Rxf2 Qg5 18. Nf3 Qe3 19. Qd2 Qxd2 20. Nxd2 Rf7 21. e3 Kf8 22. Nf3 h6 23. h4 g6 24. Nd4 Ke7 25. Nb5 g5 26. h5 Rg7 27. Kg2 Rgg8 28. a4 Raf8 29. b4 f4 30. e4 fxg3 31. Rxf8 Rxf8 32. Kxg3 Rf4 33. Nxa7 d5 34. exd5 exd5 35. Nc8+ Kd8 36. Nxb6 dxc4 37. Bxc4 d5 38. Bb5 Rxb4 39. Nxd5 Rb1 40. Kg4 Rd1 41. Nf6 Rd6 42. Kf5 Ke7 43. Ng4 Rb6 44. Ke5 Kd8 45. Kd5 Kc7 46. Ke5 Kd8 47. Nf6 Rb7 48. Ke6 Rc7 49. Ng4 Rc3 50. Kf6 Rf3+ 51. Ke5 Rh3 52. Nf6 g4 53. Ke4 Rh2 54. Nxg4 Rxh5 55. Nf6 Rg5 56. Nd5 Kc8 57. a5 Kb8 58. Kd4 h5 59. Kc5 Ka7 60. Bf1 h4 61. Kc6 h3 1/2-1/2

[Event "SDS Naestved Open"]
[Site "Naestved"]
[Date "1988.07.??"]
[Round "?"]
[White "Hansen, Lars Bo"]
[Black "Lau, Ralf"]
[Result "1/2-1/2"]
[WhiteElo "2455"]
[BlackElo "2495"]
[PlyCount "98"]
[EventDate "1988.07.23"]
[EventType "swiss"]
[EventRounds "9"]
[EventCountry "DEN"]
[SourceTitle "Gl Danbase og ChessBase"]

1. d4 g6 2. c4 Bg7 3. e4 d6 4. Nc3 e5 5. d5 Nd7 6. Nf3 a5 7. Be2 Ngf6 8. O-O Nc5 9. Qc2 O-O 10. Ne1 Bd7 11. Be3 Qe8 12. g3 Ng4 13. Bd2 f5 14. f3 Nf6 15. Nd3 b6 16. Rae1 f4 17. gxf4 Nh5 18. fxe5 Nxd3 19. Bxd3 Qxe5 20. Ne2 Qxb2 21. Qxb2 Bxb2 22. Kg2 Rf7 23. Rf2 Raf8 24. Ng3 Bd4 25. Rff1 Nf4+ 26. Bxf4 Rxf4 27. Ne2 Bh3+ 28. Kg3 Bxf1 29. Rxf1 Be5 30. Nxf4 Rxf4 31. Kg2 Kg7 32. Bc2 Kf6 33. Ba4 Rh4 34. h3 Ke7 35. Rh1 Bf4 36. Kf2 Kd8 37. Bd1 Ke7 38. Ba4 Rh5 39. Bc6 Kd8 40. Ba4 Ke7 41. Bc6 Rg5 42. a4 Bg3+ 43. Kf1 Be5 44. h4 Rh5 45. Kg2 Bf4 46. Kh3 Re5 47. Bb7 h5 48. Bc8 Kf6 49. Be6 Kg7 1/2-1/2

[Event "SDS Naestved Open"]
[Site "Naestved"]
[Date "1988.07.??"]
[Round "?"]
[White "Hansen, Lars Bo"]
[Black "Schneider, Bernd"]
[Result "1-0"]
[WhiteElo "2455"]
[BlackElo "2365"]
[PlyCount "111"]
[EventDate "1988.07.23"]
[EventType "swiss"]
[EventRounds "9"]
[EventCountry "DEN"]
[SourceTitle "Gl Danbase og ChessBase"]

1. d4 d6 2. e4 Nd7 3. Nf3 e5 4. c4 g6 5. Nc3 Bg7 6. Be2 Ne7 7. d5 O-O 8. h4 f5 9. h5 Nc5 10. hxg6 hxg6 11. Ng5 Nxe4 12. Ncxe4 fxe4 13. Bg4 Nf5 14. Nxe4 Nd4 15. Bg5 Bxg4 16. Qxg4 Qc8 17. Qxc8 Raxc8 18. Rc1 Kf7 19. c5 dxc5 20. Rxc5 Nf5 21. Kd2 Nd6 22. Kd3 Nxe4 23. Kxe4 Ke8 24. Rh7 Rf7 25. Rc3 Bf8 26. Rxf7 Kxf7 27. Rf3+ Kg8 28. Bf6 c6 29. dxc6 Rxc6 30. Bxe5 Bg7 31. Bxg7 Kxg7 32. Rb3 Re6+ 33. Kf3 b6 34. Ra3 a5 35. Rb3 Kf6 36. Rb5 Ke7 37. g4 Kd7 38. Kf4 Kc6 39. a4 Rf6+ 40. Kg3 Rd6 41. f3 Rd4 42. b3 Rd3 43. Kf4 Rd6 44. Ke5 Kc7 45. f4 Rc6 46. Rd5 Rc3 47. Kf6 Rxb3 48. Kxg6 Rb4 49. Kg5 Kc6 50. Rd8 Kc7 51. Rd1 Rxa4 52. f5 Ra2 53. f6 Rf2 54. Kg6 b5 55. f7 b4 56. Kg7 1-0